[Event "Jm KP I 23-24 Loko Brno B - Kurim A"]
[Site "?"]
[Date "2024.01.21"]
[Round "34.5"]
[White "Lisik, Miroslav"]
[Black "Petricek, Lukas"]
[Result "0-1"]
[WhiteElo "1791"]
[BlackElo "2071"]
[PlyCount "58"]

1. e4 c5 2. Nc3 d6 3. f4 Nc6 4. Nf3 g6 5. Bb5 Bg7 6. Bxc6+ bxc6 7. d3 Rb8 8.
O-O Nh6 9. Qe1 O-O 10. f5 e5 11. f6 Qxf6 12. Bg5 Qe6 13. Qc1 Ng4 14. h3 Nf6 15.
Bh6 Bd7 16. b3 Kh8 17. Qg5 Bxh6 18. Qxh6 Ng8 19. Qe3 h6 20. Rf2 f5 21. exf5
gxf5 22. Raf1 Ne7 23. Ne2 Rg8 24. Kh1 f4 25. Qd2 Nf5 26. Nfg1 Ne3 27. Re1 Qg6
28. g3 Qh5 29. gxf4 Bxh3 0-1

[Event "Jm KP I 23-24 Loko Brno B - Kurim A"]
[Site "?"]
[Date "2024.01.21"]
[Round "34.6"]
[White "Krena, Bohuslav"]
[Black "Zitny, Petr"]
[Result "1-0"]
[WhiteElo "1907"]
[BlackElo "1868"]
[PlyCount "113"]

1. c4 e5 2. Nc3 Nc6 3. Nf3 Nf6 4. g3 d6 5. Bg2 g6 6. O-O Bg7 7. d3 O-O 8. Bd2
Bg4 9. a3 Qd7 10. Re1 Bh3 11. Bh1 Nh5 12. Ng5 Bg4 13. f3 Be6 14. Nxe6 Qxe6 15.
Rb1 Kh8 16. b4 Rab8 17. b5 Ne7 18. e3 Nf6 19. f4 Nd7 20. Nd5 Rfc8 21. Bg2 Nc5
22. Bb4 Nd7 23. Ba5 b6 24. Bc3 Nc5 25. Nb4 Rf8 26. Qe2 Rbd8 27. d4 e4 28. Ba1
Nd7 29. d5 Nxd5 30. cxd5 Qe8 31. Bxg7+ Kxg7 32. Na6 Rc8 33. Rec1 Nc5 34. Nxc5
dxc5 35. Qc2 f5 36. Qc3+ Kf7 37. Bf1 Rd8 38. Bc4 Rd6 39. a4 h5 40. Rc2 Rg8 41.
Rg2 Qd7 42. h3 Ke8 43. Ra1 Qe7 44. Qe5 Kf7 45. Qxe7+ Kxe7 46. g4 hxg4 47. hxg4
Rf8 48. Kf2 Rdf6 49. g5 Rd6 50. Rh2 Rdd8 51. Rah1 Kd6 52. Rh7 Rg8 53. R1h6 Rdf8
54. Kg2 Rd8 55. Rf7 Rd7 56. Rf6+ Ke7 57. d6+ 1-0

[Event "Jm KP I 23-24 Loko Brno B - Kurim A"]
[Site "?"]
[Date "2024.01.21"]
[Round "34.7"]
[White "Slegl, Milan"]
[Black "Rubes, Pavel"]
[Result "0-1"]
[WhiteElo "1459"]
[BlackElo "1920"]
[PlyCount "72"]

1. d4 d5 2. c4 e6 3. Nc3 Nf6 4. Nf3 Be7 5. e3 O-O 6. Bd3 b6 7. cxd5 exd5 8. Ne5
Bb7 9. O-O c5 10. Qf3 a6 11. a3 Qc7 12. Ng4 Nbd7 13. Bd2 Nxg4 14. Qxg4 Nf6 15.
Qf3 c4 16. Bf5 Bd6 17. g3 Rfe8 18. Rac1 Bc6 19. Rfe1 Qb7 20. Qg2 b5 21. f3 b4
22. Nb1 g6 23. Bh3 a5 24. axb4 axb4 25. e4 dxe4 26. fxe4 Nxe4 27. Rxc4 Bd5 28.
Rcc1 Nxg3 29. Rxe8+ Rxe8 30. hxg3 Bxg2 31. Bxg2 Qe7 32. Bc6 Rc8 33. d5 Qf6 34.
b3 Qf3 35. Bf4 Bxf4 36. gxf4 Qe3+ 0-1

[Event "Jm KP I 23-24 Jundrov C-UNI Brno B"]
[Site "?"]
[Date "2024.01.21"]
[Round "35.1"]
[White "Kuchar, Matej"]
[Black "Gajdos, Daniel"]
[Result "1/2-1/2"]
[WhiteElo "2039"]
[BlackElo "2089"]
[PlyCount "111"]

1. e4 e5 2. Nf3 Nc6 3. d4 exd4 4. Nxd4 Nf6 5. Nxc6 bxc6 6. e5 Qe7 7. Qe2 Nd5 8.
h4 Qe6 9. g3 Bc5 10. Nd2 O-O 11. c4 Nb6 12. Bh3 Qe7 13. O-O Ba6 14. Re1 Rae8
15. b3 Bd4 16. Rb1 Qxe5 17. Qxe5 Rxe5 18. Rxe5 Bxe5 19. Nf3 Bf6 20. Bf4 d6 21.
Re1 Bc8 22. Bxc8 Rxc8 23. c5 dxc5 24. Bxc7 h6 25. Be5 Re8 26. Bxf6 Rxe1+ 27.
Nxe1 gxf6 28. Kf1 c4 29. bxc4 Nxc4 30. Ke2 Kf8 31. Nc2 c5 32. Kd3 Nd6 33. Ne3
Ke7 34. g4 f5 35. g5 hxg5 36. hxg5 f4 37. Nd5+ Ke6 38. Nxf4+ Kf5 39. Ng2 Kxg5
40. f3 Kf5 41. Ke3 Ke5 42. Kd3 c4+ 43. Kc3 Kd5 44. a4 a5 45. Ne3+ Kc5 46. Ng4
Nc8 47. Ne5 Nb6 48. Nxf7 Nxa4+ 49. Kc2 Kd5 50. f4 Nc5 51. Ne5 a4 52. Kc3 Ne4+
53. Kb4 c3 54. Nc4 Kd4 55. Na3 Kd3 56. f5 1/2-1/2

[Event "Jm KP I 23-24 Jundrov C-UNI Brno B"]
[Site "?"]
[Date "2024.01.21"]
[Round "35.2"]
[White "Kisa, Lubomir"]
[Black "Masak, Pavel"]
[Result "1/2-1/2"]
[WhiteElo "2201"]
[BlackElo "2055"]
[PlyCount "60"]

1. d4 Nf6 2. Nf3 g6 3. g3 Bg7 4. Bg2 O-O 5. O-O d5 6. c4 c6 7. b3 Bf5 8. Bb2
Bxb1 9. Rxb1 e6 10. Nd2 Nbd7 11. Qc2 Rc8 12. e4 dxe4 13. Nxe4 Nxe4 14. Qxe4 Qa5
15. a3 Rfe8 16. Qc2 Qc7 17. f4 c5 18. d5 exd5 19. Bxg7 Kxg7 20. Bxd5 b6 21.
Qc3+ f6 22. Rbe1 Qd6 23. Re3 Kf8 24. Rfe1 Rxe3 25. Qxe3 f5 26. Bf3 Nf6 27. Rd1
Qe7 28. Qc3 Re8 29. Kf2 Kf7 30. Qd3 Ne4+ 1/2-1/2

[Event "Jm KP I 23-24 Jundrov C-UNI Brno B"]
[Site "?"]
[Date "2024.01.21"]
[Round "35.3"]
[White "Svobodova, Michaela"]
[Black "Emad Eldin, Ibrahim"]
[Result "1/2-1/2"]
[WhiteElo "1979"]
[BlackElo "2008"]
[PlyCount "76"]

1. e4 c5 2. Nf3 g6 3. c4 Nc6 4. d4 cxd4 5. Nxd4 Nf6 6. Nc3 Nxd4 7. Qxd4 d6 8.
Bg5 Bg7 9. Nd5 O-O 10. Nxf6+ exf6 11. Bf4 f5 12. Qd2 Re8 13. Be2 fxe4 14. O-O
Be5 15. Rad1 Qf6 16. Bg5 Qe6 17. f3 e3 18. Qb4 a5 19. Qa3 f6 20. Bh4 g5 21. Bg3
Bd7 22. Bxe5 Qxe5 23. Rxd6 Bc6 24. Rfd1 a4 25. Qb4 Kh8 26. Qb6 a3 27. b4 Qb2
28. Qd4 Rf8 29. b5 Qxe2 30. bxc6 bxc6 31. Rxf6 Qf2+ 32. Kh1 Rxf6 33. Qxf6+ Kg8
34. Qxg5+ Kf8 35. Qf6+ Kg8 36. Qe6+ Kh8 37. Qe5+ Kg8 38. Qg5+ Kf8 1/2-1/2

[Event "Jm KP I 23-24 Jundrov C-UNI Brno B"]
[Site "?"]
[Date "2024.01.21"]
[Round "35.4"]
[White "Hladik, Josef"]
[Black "Ruzicka, Frantisek"]
[Result "1/2-1/2"]
[WhiteElo "2011"]
[BlackElo "2033"]
[PlyCount "37"]

1. d4 Nf6 2. Nf3 g6 3. Nc3 d5 4. Bf4 Bg7 5. e3 O-O 6. Be2 c6 7. h3 Bf5 8. g4
Be4 9. Nxe4 Nxe4 10. Nd2 Nxd2 11. Qxd2 Nd7 12. O-O e5 13. Bg3 Qe7 14. Rae1 e4
15. c4 dxc4 16. Bxc4 Nb6 17. Bb3 Nd5 18. Bxd5 cxd5 19. Rc1 1/2-1/2

[Event "Jm KP I 23-24 Jundrov C-UNI Brno B"]
[Site "?"]
[Date "2024.01.21"]
[Round "35.5"]
[White "Ruzicka, Martin"]
[Black "Hhmann, Jan"]
[Result "1-0"]
[WhiteElo "1921"]
[BlackElo "1930"]
[PlyCount "95"]

1. d4 d5 2. Nf3 Bf5 3. Bf4 c5 4. e3 Nc6 5. c3 cxd4 6. exd4 Nf6 7. Nbd2 e6 8.
Bb5 Qb6 9. a4 a6 10. Bxc6+ bxc6 11. b4 Nh5 12. Be3 Bd6 13. Ne5 Nf6 14. O-O Qc7
15. Nef3 Ne4 16. Qb3 Nxd2 17. Bxd2 Be4 18. h3 Bxf3 19. gxf3 Qe7 20. Qc2 Qh4 21.
Kg2 O-O 22. Qd3 e5 23. dxe5 Bxe5 24. Qf5 Rae8 25. Rae1 g6 26. Qg4 Qf6 27. Bh6
Bxc3 28. Rc1 d4 29. Bxf8 Kxf8 30. Rfd1 h5 31. Qd7 Bd2 32. Rxc6 Qg5+ 33. Kf1 Bc3
34. Rc8 Rxc8 35. Qxc8+ Kg7 36. Qxa6 Qf5 37. Qd3 Qxh3+ 38. Kg1 Kh7 39. Rb1 Qd7
40. b5 Ba5 41. b6 Qb7 42. Qe4 Qd7 43. Rb5 d3 44. Rxh5+ Kg7 45. Rd5 Qc8 46. Qd4+
Kh7 47. Rxa5 Qc1+ 48. Kg2 1-0

[Event "Jm KP I 23-24 Jundrov C-UNI Brno B"]
[Site "?"]
[Date "2024.01.21"]
[Round "35.6"]
[White "Riha, Otmar"]
[Black "Sipek, Oldrich"]
[Result "1/2-1/2"]
[WhiteElo "1916"]
[BlackElo "1893"]
[PlyCount "75"]

1. e4 c5 2. Nc3 Nc6 3. Bb5 a6 4. Bxc6 bxc6 5. f4 d5 6. e5 e6 7. Nf3 Nh6 8. b3
Be7 9. O-O Bb7 10. d3 O-O 11. Na4 Nf5 12. c4 Qc7 13. Qd2 Rfd8 14. Qf2 d4 15. g4
Nh6 16. h3 Re8 17. Ba3 Qa5 18. Qd2 Qxd2 19. Nxd2 f5 20. g5 Nf7 21. Bxc5 Bxc5
22. Nxc5 Re7 23. b4 a5 24. Rfb1 a4 25. b5 cxb5 26. Nxb7 Rxb7 27. Rxb5 Rd7 28.
Rab1 Nd8 29. Rb8 Raa7 30. a3 Kf7 31. h4 Nb7 32. Kf2 Nc5 33. Ke2 Kg6 34. Rc8
Rdc7 35. Rxc7 Rxc7 36. Rb4 Kh5 37. Nf3 Kg4 38. Nxd4 1/2-1/2

[Event "Jm KP I 23-24 Jundrov C-UNI Brno B"]
[Site "?"]
[Date "2024.01.21"]
[Round "35.7"]
[White "Tioka, Zdenek"]
[Black "Sebek, Jan"]
[Result "1-0"]
[WhiteElo "1934"]
[BlackElo "1869"]
[PlyCount "97"]

1. e4 c5 2. Nc3 Nc6 3. Bb5 a6 4. Bxc6 bxc6 5. d3 e6 6. f4 d5 7. Nf3 Ne7 8. O-O
Ng6 9. Na4 Be7 10. c4 O-O 11. b3 Qc7 12. e5 f6 13. Qe1 fxe5 14. fxe5 Bd7 15.
Ba3 Rf5 16. Qe2 Nxe5 17. Bxc5 Bxc5+ 18. Nxc5 Ng4 19. g3 Raf8 20. Nh4 Rxf1+ 21.
Rxf1 Rxf1+ 22. Kxf1 Nf6 23. Nf3 Qd6 24. d4 Bc8 25. Qe5 Qf8 26. Qf4 h6 27. Ne5
Qe8 28. h4 Qh5 29. Qf3 Qe8 30. Kg2 Nd7 31. Ncxd7 Bxd7 32. c5 Bc8 33. b4 Bb7 34.
g4 Qe7 35. Kg3 Qf6 36. Qf4 Qxf4+ 37. Kxf4 Kf8 38. h5 Ke7 39. g5 Ba8 40. Ng6+
Kf7 41. gxh6 gxh6 42. Ke5 Bb7 43. Kd6 Kf6 44. Ne5 Kf5 45. Kc7 Ba8 46. Nxc6 Bxc6
47. Kxc6 e5 48. Kxd5 e4 49. c6 1-0

[Event "Jm KP I 23-24 Jundrov C-UNI Brno B"]
[Site "?"]
[Date "2024.01.21"]
[Round "35.8"]
[White "Zerdaloglu, Vasilis"]
[Black "Sipek, Michal"]
[Result "1/2-1/2"]
[WhiteElo "1636"]
[BlackElo "1891"]
[PlyCount "85"]

1. e4 d6 2. d4 Nf6 3. Nc3 g6 4. Nf3 Bg7 5. h3 O-O 6. Be3 c6 7. Qd2 b5 8. a3 Qa5
9. b4 Qc7 10. g3 a5 11. Rb1 axb4 12. axb4 Ra3 13. Bg2 Nbd7 14. O-O Nb6 15. Rb3
Ra6 16. Qd3 Nc4 17. Bc1 Bb7 18. Nd2 Nb6 19. Ra3 Rxa3 20. Bxa3 Ra8 21. Bb2 Na4
22. Ba1 Nd7 23. Re1 Nxc3 24. Bxc3 c5 25. dxc5 Ra3 26. Nb1 Bxc3 27. Nxc3 Ne5 28.
Qd4 dxc5 29. bxc5 Nc6 30. Qd2 Qa5 31. Re3 b4 32. Nd5 Qxc5 33. Bf1 Rxe3 34. Nxe3
Ne5 35. Qd8+ Kg7 36. Bg2 Bc6 37. Qd2 Nc4 38. Nxc4 Qxc4 39. e5 Ba4 40. Bf1 Qc5
41. Qd3 Bc6 42. Qe3 Qxe3 43. fxe3 1/2-1/2

[Event "Jm KP I 23-24 Veseli-Lipovec"]
[Site "?"]
[Date "2024.01.21"]
[Round "36.1"]
[White "Hudecek, Jan"]
[Black "Pernicova, Tana"]
[Result "0-1"]
[WhiteElo "2189"]
[BlackElo "2027"]
[PlyCount "90"]

1. d4 Nf6 2. c4 e6 3. g3 Bb4+ 4. Nd2 O-O 5. Bg2 a5 6. Ngf3 d5 7. O-O a4 8. Qc2
a3 9. Rd1 c6 10. Ne5 axb2 11. Bxb2 Ba3 12. Bxa3 Rxa3 13. Qb2 Qa5 14. Nb1 Ra4
15. a3 Qc7 16. Nc3 Ra6 17. c5 Nbd7 18. Nd3 Ng4 19. e3 f5 20. Bf1 Ra5 21. Nc1
Qb8 22. Nb3 Ra8 23. a4 Ndf6 24. h3 Nxe3 25. fxe3 Qxg3+ 26. Bg2 Qxe3+ 27. Kh1
Nh5 28. Qd2 Qg3 29. Qe1 Qg5 30. Ne2 f4 31. Nd2 e5 32. Nf3 Qh6 33. Nxe5 Bf5 34.
Ra3 Rae8 35. Qf2 g5 36. Kg1 Nf6 37. Ng3 Bxh3 38. Nf1 Bc8 39. Nh2 g4 40. Rdd3
Bf5 41. Qd2 Bxd3 42. Rxd3 Qg5 43. Rg3 h5 44. Nhf3 Qf5 45. Nh4 Qb1+ 0-1

[Event "Jm KP I 23-24 Veseli-Lipovec"]
[Site "?"]
[Date "2024.01.21"]
[Round "36.2"]
[White "Pokladnik, Martin"]
[Black "Uricar, Jakub"]
[Result "0-1"]
[WhiteElo "2028"]
[BlackElo "2131"]
[PlyCount "58"]

1. e4 c5 2. Nf3 Nc6 3. d4 cxd4 4. Nxd4 g6 5. c4 Bg7 6. Be3 Nf6 7. Nc3 Ng4 8.
Qxg4 Nxd4 9. Qd1 Nc6 10. Rc1 O-O 11. h4 h5 12. Be2 d6 13. g4 hxg4 14. Bxg4 Bxg4
15. Qxg4 Ne5 16. Qe2 f5 17. exf5 Rxf5 18. f4 Bh6 19. Nd5 e6 20. fxe5 Rxe5 21.
Qd3 exd5 22. Qxg6+ Bg7 23. Kd2 Qa5+ 24. Kd3 dxc4+ 25. Rxc4 Qd5+ 26. Bd4 Qf3+
27. Kc2 Re2+ 28. Kb1 Qxh1+ 29. Rc1 Qg2 0-1

[Event "Jm KP I 23-24 Veseli-Lipovec"]
[Site "?"]
[Date "2024.01.21"]
[Round "36.3"]
[White "Symersky, Petr"]
[Black "Balaz, Frantisek"]
[Result "1-0"]
[WhiteElo "2089"]
[BlackElo "1914"]
[PlyCount "91"]

1. Nf3 g6 2. d4 Bg7 3. g3 d5 4. c4 c6 5. cxd5 cxd5 6. Bg2 Nf6 7. O-O O-O 8. Nc3
Nc6 9. Ne5 e6 10. Nxc6 bxc6 11. Na4 Nd7 12. e4 Ba6 13. Re1 Rc8 14. Be3 Qa5 15.
Rc1 Bb5 16. Nc3 Nb6 17. b3 Nd7 18. Rc2 Rfd8 19. Qd2 Qa6 20. Rd1 Qb6 21. Rdc1
Bf8 22. Nxb5 Qxb5 23. exd5 exd5 24. Bh3 f5 25. Bf1 Qb7 26. Qa5 Nb8 27. Qa4 Re8
28. Bf4 Qb4 29. Qxa7 Bd6 30. Bxd6 Qxd6 31. Bg2 Rcd8 32. Qa5 Qf6 33. Qd2 Re6 34.
b4 Rde8 35. b5 f4 36. gxf4 Kh8 37. b6 Qf5 38. a4 Qg4 39. h3 Qh5 40. Qd3 Qh4 41.
Qg3 Qf6 42. a5 Re1+ 43. Kh2 h6 44. Rxe1 Rxe1 45. f5 Re8 46. Qxg6 1-0

[Event "Jm KP I 23-24 Veseli-Lipovec"]
[Site "?"]
[Date "2024.01.21"]
[Round "36.4"]
[White "Krejci, Petr"]
[Black "Skalka, Jan"]
[Result "1/2-1/2"]
[WhiteElo "1827"]
[BlackElo "1951"]
[PlyCount "29"]

1. e4 c5 2. Nf3 Nc6 3. d4 cxd4 4. Nxd4 g6 5. Be3 Nf6 6. Nc3 Bg7 7. Bc4 O-O 8.
Bb3 d6 9. f3 Bd7 10. Qd2 a6 11. O-O-O b5 12. h4 Ne5 13. Kb1 Nc4 14. Bxc4 bxc4
15. h5 1/2-1/2

[Event "Jm KP I 23-24 Veseli-Lipovec"]
[Site "?"]
[Date "2024.01.21"]
[Round "36.5"]
[White "Vrtal, Jaroslav"]
[Black "Sekanina, Jiri"]
[Result "1/2-1/2"]
[WhiteElo "1966"]
[BlackElo "1974"]
[PlyCount "111"]

1. d4 Nf6 2. Nf3 g6 3. g3 Bg7 4. Bg2 O-O 5. O-O d5 6. Nbd2 Na6 7. c4 dxc4 8.
Nxc4 c5 9. dxc5 Be6 10. Nce5 Nxc5 11. Be3 Rc8 12. Rc1 Qa5 13. Qe1 Qxe1 14.
Rfxe1 Na4 15. b3 Nc3 16. Nd4 Bd5 17. Rc2 Bxg2 18. Kxg2 Nfd5 19. Nc4 b5 20. Na5
Nxe3+ 21. fxe3 Nd5 22. Rxc8 Rxc8 23. Ndc6 Bc3 24. Rb1 Bxa5 25. Nxa5 Nxe3+ 26.
Kf3 Nd5 27. a4 bxa4 28. bxa4 Nb6 29. Rb4 Kf8 30. Ke4 f5+ 31. Kd3 Ke8 32. Nb3
Kd7 33. a5 Nd5 34. Rb7+ Rc7 35. Rb8 e5 36. a6 Rc3+ 37. Kd2 Rc7 38. Na5 e4 39.
Rh8 Kd6 40. Rd8+ Rd7 41. Rb8 41... Nc7 {[%emt 0:00:01]} 42. Nc4+ Kc5+ 43. Kc3
Nxa6 44. Re8 Nc7 45. Rc8 Kd5 46. e3 Nb5+ 47. Kb4 Nc7 48. Na5 Ne6 49. Kb5 Rc7
50. Rh8 Rd7 51. Rc8 Ng5 52. Nc6 Nf3 53. h4 Rb7+ 54. Ka6 Rd7 55. Kb5 Rb7+ 56.
Ka6 1/2-1/2

[Event "Jm KP I 23-24 Veseli-Lipovec"]
[Site "?"]
[Date "2024.01.21"]
[Round "36.6"]
[White "Sevcik, Milos"]
[Black "Krizek, Frantisek"]
[Result "0-1"]
[WhiteElo "1901"]
[BlackElo "1916"]
[PlyCount "64"]

1. Nf3 Nf6 2. d4 d5 3. Bf4 Nh5 4. Bg5 h6 5. Bh4 Nd7 6. e3 Nhf6 7. c4 e6 8. Nc3
c6 9. Bd3 dxc4 10. Bxc4 b5 11. Bd3 Be7 12. O-O Bb7 13. Rc1 O-O 14. Bxf6 gxf6
15. e4 b4 16. Ne2 c5 17. Bb1 cxd4 18. Qxd4 Ba6 19. Rfe1 Bxe2 20. Rxe2 Ne5 21.
Qe3 Kh7 22. Nxe5 fxe5 23. Qb3 Qb6 24. Rec2 Bg5 25. Rc6 Bxc1 26. Rxb6 axb6 27.
Qxb4 Rfd8 28. Qb3 Bxb2 29. f4 Rd2 30. h3 Bd4+ 31. Kh2 Rg8 32. Qf3 Rf2 0-1

[Event "Jm KP I 23-24 Veseli-Lipovec"]
[Site "?"]
[Date "2024.01.21"]
[Round "36.7"]
[White "Klenner, Richard"]
[Black "Sevcik, David"]
[Result "1/2-1/2"]
[WhiteElo "1952"]
[BlackElo "1880"]
[PlyCount "66"]

1. e4 e5 2. Nf3 Nc6 3. c3 Nf6 4. d4 d6 5. d5 Ne7 6. Qd3 Bd7 7. c4 c5 8. Nc3 Ng6
9. g3 Be7 10. h4 h5 11. Ng5 Nh7 12. Nxh7 Rxh7 13. Bd2 Qc7 14. O-O-O O-O-O 15.
Bh3 Bxh3 16. Rxh3 Qd7 17. Rdh1 Rf8 18. f4 Bd8 19. f5 Ne7 20. Bg5 Ng8 21. R3h2
f6 22. Bd2 Nh6 23. Bxh6 Rxh6 24. Rf2 Ba5 25. Rhf1 Bxc3 26. Qxc3 Qa4 27. b3 Qa3+
28. Kb1 Kd7 29. Qb2 Qxb2+ 30. Kxb2 Ke7 31. Rg2 Rfh8 32. g4 hxg4 33. Rxg4 Kf7
1/2-1/2

[Event "Jm KP I 23-24 Veseli-Lipovec"]
[Site "?"]
[Date "2024.01.21"]
[Round "36.8"]
[White "Sevcik, Milan"]
[Black "Uricar, Zdenek"]
[Result "0-1"]
[WhiteElo "1823"]
[BlackElo "1845"]
[PlyCount "98"]

1. e4 c5 2. Bc4 e6 3. c3 d5 4. exd5 exd5 5. Bb5+ Nc6 6. d4 a6 7. Qe2+ Be6 8.
Bxc6+ bxc6 9. Be3 Qb6 10. dxc5 Bxc5 11. Bxc5 Qxc5 12. Nf3 Qb5 13. Nd4 Qxe2+ 14.
Kxe2 Kd7 15. Nd2 Nf6 16. f3 c5 17. Nxe6 Rhe8 18. Kf2 Rxe6 19. Rhe1 Rb8 20. Rxe6
fxe6 21. Rb1 a5 22. Nb3 Rb5 23. Na1 a4 24. Nc2 Kd6 25. g4 Rb7 26. h4 Nd7 27. f4
Nf6 28. b4 axb3 29. Rxb3 Rxb3 30. axb3 Ne4+ 31. Ke3 Nxc3 32. b4 Nb5 33. bxc5+
Kxc5 34. Ne1 Kc4 35. Nf3 Nc7 36. h5 d4+ 37. Ke4 Nd5 38. g5 Nc3+ 39. Ke5 Ne2 40.
f5 exf5 41. Kxf5 Ng3+ 42. Kg4 Ne4 43. Kf5 Kd5 44. Ne1 Nc5 45. h6 g6+ 46. Kg4
Ke4 47. Nf3 Nb3 48. Nh4 d3 49. Nxg6 d2 0-1

[Event "Jm KP I 23-24 Lipovec - Lokomotiva A"]
[Site "?"]
[Date "2024.02.04"]
[Round "37.1"]
[White "Fojtik, Tomas"]
[Black "Kratochvil, Josef"]
[Result "1/2-1/2"]
[WhiteElo "2039"]
[BlackElo "2215"]
[PlyCount "80"]
[EventDate "2024.??.??"]

1. c4 c5 2. Nf3 Nf6 3. d4 cxd4 4. Nxd4 b6 5. Nc3 Bb7 6. e3 e6 7. a3 Be7 8. Bd3
Bxg2 9. Rg1 Bb7 10. Rxg7 Qc7 11. f4 Nc6 12. Ncb5 Qb8 13. Bd2 a6 14. Nxc6 dxc6
15. Nc3 Qd6 16. Qe2 O-O-O 17. Bc2 Ne8 18. Rg1 Bh4+ 19. Kd1 f5 20. Kc1 c5 21. e4
fxe4 22. Bxe4 Bxe4 23. Nxe4 Qd4 24. Kc2 Rf8 25. Rad1 Nf6 26. Nxf6 Qxf6 27. Bc3
Qf5+ 28. Kb3 Bf6 29. Bxf6 Qxf6 30. Qe4 Kc7 31. Rxd8 Rxd8 32. Qxh7+ Rd7 33. Qe4
Rd4 34. Qa8 Rxf4 35. Qa7+ Kc6 36. Rg7 Qd8 37. Qb7+ Kd6 38. Qxa6 Ke5 39. Rg3
Qd1+ 40. Ka2 Rf1 1/2-1/2

[Event "Jm KP I 23-24 Lipovec - Lokomotiva A"]
[Site "?"]
[Date "2024.02.04"]
[Round "37.2"]
[White "Jires, Jiri"]
[Black "Pokladnik, Martin"]
[Result "1-0"]
[WhiteElo "2132"]
[BlackElo "2012"]
[PlyCount "67"]
[EventDate "2024.??.??"]

1. e4 c5 2. Nf3 e6 3. d4 cxd4 4. Nxd4 Nf6 5. Nc3 Nc6 6. Be2 Bb4 7. O-O Bxc3 8.
bxc3 Nxe4 9. Bd3 d5 10. Nxc6 bxc6 11. Bxe4 dxe4 12. Qg4 O-O 13. Qxe4 Qd5 14.
Qe2 Qa5 15. Rd1 Ba6 16. Qf3 Rad8 17. Bf4 Rd5 18. Qg3 Rfd8 19. Re1 Qc5 20. Rab1
Bc8 21. Be5 Qf8 22. Bf6 Re8 23. c4 Rf5 24. Be5 f6 25. Bd6 Qf7 26. c5 e5 27. Qa3
Rg5 28. Rb8 Qd5 29. g3 Qd2 30. Qb3+ Kh8 31. Rf1 Qd5 32. Qxd5 cxd5 33. Ra8 h5
34. Rb1 1-0

[Event "Jm KP I 23-24 Lipovec - Lokomotiva A"]
[Site "?"]
[Date "2024.02.04"]
[Round "37.3"]
[White "Krejci, Petr"]
[Black "Volak, Simon"]
[Result "1/2-1/2"]
[WhiteElo "1850"]
[BlackElo "2091"]
[PlyCount "125"]
[EventDate "2024.??.??"]

1. e4 c5 2. Nf3 e6 3. d4 cxd4 4. Nxd4 Nf6 5. Nc3 Nc6 6. Be2 Bb4 7. Nxc6 bxc6 8.
Bd3 d5 9. exd5 cxd5 10. O-O O-O 11. Bg5 a5 12. Nb5 Be7 13. Qe2 Qb6 14. a4 Bd7
15. Rad1 h6 16. Bh4 Rfe8 17. Bg3 Rac8 18. Be5 Red8 19. b3 Bc6 20. Bd4 Bc5 21.
Bxf6 gxf6 22. Qg4+ Kf8 23. Kh1 Ke7 24. c3 Rg8 25. Qe2 Rg7 26. Bf5 Rcg8 27. Bh3
Qb7 28. Nd4 Bxd4 29. Rxd4 Qxb3 30. Qa6 Qxc3 31. Qb6 Rd8 32. Rfd1 Rd6 33. Qc7+
Rd7 34. Qc8 Qc5 35. f4 f5 36. g3 Qb6 37. Qh8 Rg6 38. Qe5 Qc7 39. Qe3 Kf6 40.
Qc3 Bb7 41. Qb2 Ke7 42. Qa3+ Qd6 43. Qe3 Kf8 44. Qe1 Rg8 45. Qxa5 Kg7 46. Qc3
Rc8 47. Qb2 Kh7 48. Bg2 Qc5 49. Bf1 Rdc7 50. Bb5 Qb6 51. R1d2 Ba6 52. Kg2 Bxb5
53. axb5 Rc5 54. Rb4 Rc3 55. Rbd4 R8c5 56. Rb4 Kg6 57. Kh3 Rc8 58. Kg2 Qe3 59.
b6 Qf3+ 60. Kh3 Qf1+ 61. Kh4 Qf3 62. Kh3 Qf1+ 63. Kh4 1/2-1/2

[Event "Jm KP I 23-24 Lipovec - Lokomotiva A"]
[Site "?"]
[Date "2024.02.04"]
[Round "37.4"]
[White "Meduna, Eduard"]
[Black "Sekanina, Jiri"]
[Result "1/2-1/2"]
[WhiteElo "2108"]
[BlackElo "1946"]
[PlyCount "66"]
[EventDate "2024.??.??"]

1. e4 c5 2. Nf3 Nc6 3. d4 cxd4 4. Nxd4 Nf6 5. Nc3 e5 6. Ndb5 d6 7. Nd5 Nxd5 8.
exd5 Ne7 9. c4 Ng6 10. Be2 Be7 11. O-O O-O 12. Be3 a6 13. Nc3 Bg5 14. Bxg5 Qxg5
15. Ne4 Qd8 16. c5 dxc5 17. Nxc5 b6 18. Ne4 Bb7 19. Nc3 f5 20. g3 Qd6 21. Qb3
e4 22. f4 exf3 23. Bxf3 Ne5 24. Bg2 Kh8 25. Rae1 f4 26. gxf4 Nd3 27. Ne4 Qxd5
28. Qxd5 Bxd5 29. Rd1 Bxe4 30. Bxe4 Nxb2 31. Rb1 Rae8 32. Rxb2 Rxe4 33. Rxb6
Ra4 1/2-1/2

[Event "Jm KP I 23-24 Lipovec - Lokomotiva A"]
[Site "?"]
[Date "2024.02.04"]
[Round "37.5"]
[White "Mraz, Pavel"]
[Black "Cermak, Jan"]
[Result "1-0"]
[WhiteElo "1922"]
[BlackElo "2011"]
[PlyCount "53"]
[EventDate "2024.??.??"]

1. e4 e5 2. Nc3 Nf6 3. f4 d5 4. fxe5 Nxe4 5. d3 Nc5 6. d4 Ne4 7. Nxe4 dxe4 8.
Bc4 Bf5 9. Ne2 Qd7 10. Be3 Nc6 11. O-O O-O-O 12. Bb5 Be6 13. c3 a6 14. Ba4 Bc4
15. Bb3 Na5 16. Bxc4 Nxc4 17. Bg5 Qg4 18. b3 Qxg5 19. bxc4 f5 20. Nf4 Qe7 21.
Nd5 Qe6 22. Rb1 g6 23. Qb3 b6 24. Qa4 Kb7 25. Qxa6+ Kxa6 26. Nxc7+ Kb7 27. Nxe6
1-0

[Event "Jm KP I 23-24 Lipovec - Lokomotiva A"]
[Site "?"]
[Date "2024.02.08"]
[Round "37.6"]
[White "Straka, Vojtech"]
[Black "Sevcik, Milos"]
[Result "1-0"]
[WhiteElo "1984"]
[BlackElo "1856"]
[PlyCount "99"]
[EventDate "2024.??.??"]

1. c4 c5 2. g3 g6 3. Bg2 Bg7 4. Nc3 Nc6 5. e3 d6 6. Nge2 e5 7. Nd5 Nge7 8. Nec3
Nxd5 9. Nxd5 O-O 10. a3 Be6 11. O-O Bxd5 12. Bxd5 Qc7 13. Rb1 a5 14. d3 Rab8
15. Bd2 Ne7 16. Qf3 Nxd5 17. Qxd5 b6 18. b4 axb4 19. axb4 Rfd8 20. Rb3 Ra8 21.
Rfb1 Ra2 22. Bc3 Rc2 23. Be1 h6 24. Ra3 Rd7 25. Qf3 e4 26. Qxe4 Re7 27. Qf3 Rb2
28. Rxb2 Bxb2 29. Rb3 Bg7 30. bxc5 dxc5 31. Bc3 Bxc3 32. Rxc3 Qa7 33. Rb3 Re6
34. Qd1 Qa2 35. Qb1 Qxb1+ 36. Rxb1 Rd6 37. Rb3 f5 38. Kf1 Kf7 39. Ke2 g5 40. h3
Re6 41. Ra3 Re7 42. Ra8 Rb7 43. Rc8 Ra7 44. Rc6 Ra2+ 45. Kf3 Rd2 46. Rxb6 Rxd3
47. Rc6 h5 48. Rxc5 Kf6 49. Rc6+ Ke5 50. Ke2 1-0

[Event "Jm KP I 23-24 Lipovec - Lokomotiva A"]
[Site "?"]
[Date "2024.02.04"]
[Round "37.7"]
[White "Sevcik, David"]
[Black "Wunsch, Radek"]
[Result "1-0"]
[WhiteElo "1846"]
[BlackElo "1940"]
[PlyCount "69"]
[EventDate "2024.??.??"]

1. b3 e5 2. e3 d5 3. Bb2 Nc6 4. Nf3 Bd6 5. Bb5 f6 6. c4 a6 7. cxd5 axb5 8. dxc6
bxc6 9. Qc2 Ne7 10. O-O Bg4 11. d4 Bxf3 12. gxf3 O-O 13. Nd2 Qd7 14. Ne4 Qf5
15. Qe2 Ng6 16. Ng3 Qh3 17. Kh1 exd4 18. Bxd4 Nh4 19. Rg1 Rfe8 20. f4 Qe6 21.
Qh5 Ng6 22. Qf3 Qd5 23. Qxd5+ cxd5 24. Nf5 Bb4 25. h4 Bf8 26. h5 Ne7 27. Nh6+
Kh8 28. Bxf6 Nf5 29. Nxf5 gxf6 30. Rg2 h6 31. Rg6 Ra6 32. Rag1 Kh7 33. Rg8 Rxa2
34. Nxh6 Rxf2 35. Nf7 1-0

[Event "Jm KP I 23-24 Lipovec - Lokomotiva A"]
[Site "?"]
[Date "2024.02.04"]
[Round "37.8"]
[White "Hruza, Dominik"]
[Black "Hubeny, Pavel"]
[Result "1-0"]
[WhiteElo "1908"]
[BlackElo "1732"]
[PlyCount "105"]
[EventDate "2024.??.??"]

1. e4 e5 2. Nf3 Nc6 3. Bb5 a6 4. Ba4 Nf6 5. d4 b5 6. Bb3 Nxd4 7. Nxd4 exd4 8.
e5 Qe7 9. O-O Ng8 10. Bg5 Qxg5 11. Qf3 Kd8 12. Qxa8 Qxe5 13. Bxf7 Bd6 14. g3
Nf6 15. Nd2 Rf8 16. Rae1 Qg5 17. Nf3 Qg4 18. Bb3 c6 19. Ne5 Qh5 20. f4 Ng4 21.
Nxg4 Qxg4 22. Qa7 Qf5 23. Qb6+ Bc7 24. Qxd4 c5 25. Qe3 Bb6 26. c4 Bb7 27. Qe5
Qxe5 28. Rxe5 d5 29. Bc2 d4 30. b3 h6 31. Be4 Bc8 32. Bd3 Bd7 33. Kg2 Rf6 34.
Rfe1 Rf7 35. f5 Bc6+ 36. Kf2 Bd7 37. h3 g6 38. g4 gxf5 39. gxf5 Ba5 40. Rg1 Bd2
41. Rg8+ Kc7 42. Rxc5+ Kb6 43. Re5 Bf4 44. Rg6+ Kb7 45. Rd5 Be3+ 46. Kg3 bxc4
47. bxc4 Ka7 48. c5 Bb5 49. Bxb5 axb5 50. f6 Ka6 51. Rd6+ Ka5 52. Rg7 Rf8 53.
c6 1-0

[Event "JmK KP I 23-24 Univerzita B - Veseli nM"]
[Site "?"]
[Date "2024.02.04"]
[Round "38.1"]
[White "Gajdos, Daniel"]
[Black "Uricar, Jakub"]
[Result "1/2-1/2"]
[WhiteElo "2090"]
[BlackElo "2113"]
[PlyCount "42"]

1. Nf3 c5 2. g3 Nc6 3. c4 g6 4. Bg2 Bg7 5. Nc3 d6 6. d3 Bd7 7. Bd2 a6 8. a3 Rb8
9. Rb1 b5 10. cxb5 axb5 11. b4 Nd4 12. e3 Nxf3+ 13. Qxf3 e6 14. bxc5 dxc5 15.
Ne4 Qb6 16. d4 cxd4 17. Bb4 Bf8 18. Nf6+ Nxf6 19. Qxf6 Bxb4+ 20. Rxb4 O-O 21.
Qxd4 Bc6 1/2-1/2